Marvel Charaktere - Sudden Death - Statistiken

Allgemein
  • Dieses Quiz wurde 696 mal gespielt
    553 seit der letzten Aktualisierung
  • Das Durchschnittsergebnis liegt bei 12 aus 19
Answers on the Grid
Answers color-coded by a green-red scale on the quiz's grid according to % correct below.
Hawkeye
Ant-Man
Star Lord
Yondu Udonta
Loki
Tony Stark
Thanos
Proxima Midnight
Black Widow
Winter Soldier
Nick Fury
Janet van Dyne
Dr. Arnim Zola
Whiplash
Groot
T´Challa
Captain America
Rocket
Eddard Stark
Batman
Wonder Woman
Bane
Leif Eriksson
Anakin Skywalker
Will Turner
Superman
Jayce Talis
Stach Lee
Red Rush
Hulk
Mr. Krabs
Harry Kane
 
Antwortstatistiken
Antwort % Korrekt
Hulk
80%
Loki
80%
Tony Stark
80%
Thanos
79%
Ant-Man
78%
Black Widow
78%
Groot
78%
Captain America
77%
Hawkeye
75%
Rocket
75%
Nick Fury
72%
Star Lord
72%
Winter Soldier
71%
T´Challa
62%
Yondu Udonta
51%
Dr. Arnim Zola
42%
Whiplash
33%
Janet van Dyne
29%
Proxima Midnight
26%
Keine übereinstimmenden Quizze gefunden
Verteilung der Resultate
Anzahl Personen mit jedem Resultat
Perzentil nach korrekt beantworteten Fragen
Ihre Resultats-Entwicklung
Sie haben dieses Quiz seit der letzten Aktualisierung nicht gespielt